<?xml version="1.0" encoding="UTF-8"?>
<record
    xmlns:xsi="http://www.w3.org/2001/XMLSchema-instance"
    xsi:schemaLocation="http://www.loc.gov/MARC21/slim http://www.loc.gov/standards/marcxml/schema/MARC21slim.xsd"
    xmlns="http://www.loc.gov/MARC21/slim">

  <leader>01617    a2200229   4500</leader>
  <controlfield tag="001">48829</controlfield>
  <controlfield tag="005">20260407155754.0</controlfield>
  <controlfield tag="008">260407a1996    arg                 spa d</controlfield>
  <controlfield tag="003">AR-UNSa-BCEJYS</controlfield>
  <datafield tag="040" ind1=" " ind2=" ">
    <subfield code="a">AR-UNSa-BCEJYS</subfield>
    <subfield code="b">spa</subfield>
    <subfield code="c">AR-UNSa-BCEJYS</subfield>
  </datafield>
  <datafield tag="080" ind1=" " ind2=" ">
    <subfield code="a">37.02</subfield>
    <subfield code="x">Cuestiones generales de did&#xE1;ctica y metodolog&#xED;a</subfield>
  </datafield>
  <datafield tag="245" ind1="1" ind2="0">
    <subfield code="a">Organizaci&#xF3;n escolar</subfield>
    <subfield code="p">Una perspectiva sociol&#xF3;gica</subfield>
  </datafield>
  <datafield tag="020" ind1=" " ind2=" ">
    <subfield code="a">84-7112-349-5</subfield>
  </datafield>
  <datafield tag="250" ind1=" " ind2=" ">
    <subfield code="a">2a.ed.</subfield>
  </datafield>
  <datafield tag="264" ind1=" " ind2="1">
    <subfield code="a">Madrid :</subfield>
    <subfield code="b">Ediciones Morata</subfield>
    <subfield code="c">1996</subfield>
  </datafield>
  <datafield tag="300" ind1=" " ind2=" ">
    <subfield code="a">220 p.</subfield>
    <subfield code="c">24 cm.</subfield>
  </datafield>
  <datafield tag="505" ind1=" " ind2=" ">
    <subfield code="a">PRIMERA PARTE: Introducci&#xF3;n: La organizaci&#xF3;n escolar y la perspectiva sociol&#xF3;gica: 1. La estructura escolar: met&#xE1;foras y modelos - 2. Enfoques sociol&#xF3;gicos de la estructura escolar - SEGUNDA PARTE: La escuela como organizaci&#xF3;n compleja: 3. La escuela como sistema social: exposici&#xF3;n del modelo funcionalista - 4. La escuela como instituci&#xF3;n burocr&#xE1;tica - TERCERA PARTE: Modelos post-weberianos de organizaci&#xF3;n escolar: 5. Ambiente, tarea y estructura: el modelo de contingencia de la organizaci&#xF3;n escolar - 6. &#xBF;Escuelas articuladas de un modo impreciso? - CUARTA PARTE: La organizaci&#xF3;n escolar y el "orden interactivo" - 7. Alumnos, profesores y escuelas - 8. Pautas de conducta desviada: adaptaci&#xF3;n y anomia - QUINTA PARTE: La perspectiva estructuralista: 9. Sociolog&#xED;as estructuralistas de la escuela: Bernstein y Foucault - 10. La constituci&#xF3;n de la escuela - SEXTA PARTE: Conclusi&#xF3;n: La perspectiva sociol&#xF3;gica y la organizaci&#xF3;n pr&#xE1;ctica.</subfield>
  </datafield>
  <datafield tag="942" ind1=" " ind2=" ">
    <subfield code="c">BK</subfield>
  </datafield>
  <datafield tag="590" ind1=" " ind2=" ">
    <subfield code="a">niveau_biblio:m niveau_hierar:0</subfield>
  </datafield>
  <datafield tag="100" ind1="1" ind2=" ">
    <subfield code="a">Tyler, William G.</subfield>
  </datafield>
  <datafield tag="700" ind1="1" ind2=" ">
    <subfield code="a">Manzano, Pablo</subfield>
  </datafield>
  <datafield tag="999" ind1=" " ind2=" ">
    <subfield code="c">4746</subfield>
    <subfield code="d">4746</subfield>
  </datafield>
  <datafield tag="952" ind1=" " ind2=" ">
    <subfield code="0">0</subfield>
    <subfield code="1">0</subfield>
    <subfield code="4">0</subfield>
    <subfield code="7">0</subfield>
    <subfield code="a">BCEJYS</subfield>
    <subfield code="b">BCEJYS</subfield>
    <subfield code="c">16</subfield>
    <subfield code="d">2026-04-07</subfield>
    <subfield code="l">0</subfield>
    <subfield code="o">37.02 T981 2ed.</subfield>
    <subfield code="p">L69957</subfield>
    <subfield code="r">2026-04-07 15:57:54</subfield>
    <subfield code="w">2026-04-07</subfield>
    <subfield code="y">L</subfield>
  </datafield>
  <datafield tag="952" ind1=" " ind2=" ">
    <subfield code="0">0</subfield>
    <subfield code="1">0</subfield>
    <subfield code="4">0</subfield>
    <subfield code="7">0</subfield>
    <subfield code="a">BCEJYS</subfield>
    <subfield code="b">BCEJYS</subfield>
    <subfield code="c">16</subfield>
    <subfield code="d">2026-04-07</subfield>
    <subfield code="l">0</subfield>
    <subfield code="o">37.02 T981 2ed.</subfield>
    <subfield code="p">L69958</subfield>
    <subfield code="r">2026-04-07 15:57:54</subfield>
    <subfield code="w">2026-04-07</subfield>
    <subfield code="y">L</subfield>
  </datafield>
</record>
